Hovorme o očkovaní ... a nebojme sa pýtať : bezpečnosť vakcín, ich zloženie a možné nežiadúce účinky : vybrané ochorenia a očkovanie /

Saved in:
Bibliographic Details
Main Author: Tuhársky, Peter (Author)
Format: Book
Language:Slovak
Published: Bratislava : Sollertia, 2016
Edition:1. vyd.
Series:Rodičovská edícia časopisu Dieťa
Subjects:
ISBN:9788096929429
Online Access: Get full text
Tags: Add Tag
No Tags, Be the first to tag this record!

MARC

LEADER 00000nam a2200000 4500
003 SK-BrCVT
005 20220621183039.0
006 aadloe 000 0
008 160908s2016 xo adloe 000 0slo#d
020 |a 9788096929429   |q (brož.) 
035 |a CVTIDW0059358 
040 |a SNK  |b slo  |c SVKBB  |e AACR2  |d CVTI SR 
041 0 |a slo 
044 |a xo  |c SK 
080 |a 614.47  |2 2008 
100 1 |a Tuhársky, Peter  |4 aut 
245 1 0 |a Hovorme o očkovaní ... a nebojme sa pýtať :  |b bezpečnosť vakcín, ich zloženie a možné nežiadúce účinky : vybrané ochorenia a očkovanie /  |c Peter Tuhársky 
246 1 0 |a Bezpečnosť vakcín, ich zloženie a možné nežiadúce účinky 
246 1 0 |a Vybrané ochorenia a očkovanie 
250 |a 1. vyd. 
260 |a Bratislava :  |b Sollertia,  |c 2016 
300 |a 213 s. :  |b fotogr., grafy, lit., obr., tab. ;  |c 24 cm 
490 0 |a Rodičovská edícia časopisu Dieťa 
653 1 |a očkovanie 
655 7 |a odborné publikácie  |2 SNKPH 
760 1 |t Rodičovská edícia časopisu Dieťa 
852 |a CVTISR  |b 1 
910 |b A624341 
919 |a 978-80-969294-2-9 
959 |a 56 
974 |a katarina.repata  |f Knihy 
992 |a AMG 
999 |c 262517  |d 262517